[Event "TCh-FRA Top 12 2011"]
[Site "Mulhouse FRA"]
[Date "2011.05.26"]
[Round "1.4"]
[White "Solodovnichenko, Yuri"]
[Black "Edouard, Romain"]
[Result "1-0"]
[WhiteTitle "GM"]
[BlackTitle "GM"]
[WhiteElo "2574"]
[BlackElo "2602"]
[WhiteTeam "Lutece Echecs"]
[BlackTeam "L'Echiquier Chalonnais"]
[WhiteFideId "14104369"]
[BlackFideId "633429"]
[EventDate "2011.05.26"]

1. e4 e6 2. d4 d5 3. Nc3 Bb4 4. Ne2 dxe4 5. a3 Bxc3+ 6. Nxc3 Nc6 7. d5 exd5 8.
Qxd5 Be6 9. Qxe4 Nf6 10. Qh4 Qd4 11. Bg5 Qe5+ 12. Be2 Nd4 13. O-O-O O-O-O 14.
Bd3 h6 15. Bxf6 Qxf6 16. Qxf6 gxf6 17. Ne4 Bd5 18. f3 Bxe4 19. fxe4 Rd6 20. Rhf1
Kd8 21. Bc4 Rh7 22. c3 Nc6 23. Rxf6 Rxd1+ 24. Kxd1 Ne5 25. Be2 Ke7 26. Rf5 f6
27. Kd2 Rg7 28. g3 Rg5 29. Ke3 Rxf5 30. exf5 Kd6 31. Ke4 Nd7 32. Kf4 Ke7 33. b4
b6 34. h4 c5 35. g4 Kd6 36. Bb5 Ne5 37. g5 hxg5+ 38. hxg5 fxg5+ 39. Kxg5 Ke7 40.
f6+ Ke6 41. bxc5 bxc5 42. Be2 a5 43. Bd1 c4 44. Bg4+ Kf7 45. Kf5 Nd7 46. Bh5+
Kf8 47. Bf3 Nc5 48. Bc6 Nb3 49. Ke5 Nc1 50. Kd4 Ne2+ 51. Kxc4 Kf7 52. Bf3 Nf4
53. Kb5 Kxf6 54. Kxa5 Nd3 55. Kb5 Ke7 56. a4 Ne5 57. a5 1-0

[Event "TCh-FRA Top 12 2011"]
[Site "Mulhouse FRA"]
[Date "2011.05.26"]
[Round "1.5"]
[White "Vernay, Clovis"]
[Black "San Emeterio Cabanes, Jose L."]
[Result "1-0"]
[WhiteTitle "IM"]
[BlackTitle "FM"]
[WhiteElo "2462"]
[BlackElo "2398"]
[WhiteTeam "L'Echiquier Chalonnais"]
[BlackTeam "Lutece Echecs"]
[WhiteFideId "633046"]
[BlackFideId "2223120"]
[EventDate "2011.05.26"]

1. d4 Nf6 2. c4 g6 3. f3 Bg7 4. e4 d6 5. Nc3 O-O 6. Bg5 Nc6 7. Nge2 a6 8. Qd2
Rb8 9. h4 b5 10. h5 e5 11. hxg6 fxg6 12. cxb5 axb5 13. d5 Na5 14. Ng3 Bd7 15. b4
Nc4 16. Bxc4 bxc4 17. Rb1 Qe8 18. O-O Nh5 19. Nxh5 gxh5 20. Bh4 Bf6 21. Bxf6
Rxf6 22. Qg5+ Rg6 23. Qh4 Kh8 24. Rf2 Qg8 25. b5 Qg7 26. a4 Rg8 27. Rbb2 Qh6 28.
Kh2 Qe3 29. Rfc2 Qd3 30. a5 Qe3 31. b6 cxb6 32. axb6 Bg4 33. b7 Ra8 1-0

[Event "TCh-FRA Top 12 2011"]
[Site "Mulhouse FRA"]
[Date "2011.05.26"]
[Round "1.6"]
[White "Shoker, Samy"]
[Black "Dourerassou, Jonathan"]
[Result "1-0"]
[WhiteTitle "IM"]
[BlackTitle "IM"]
[WhiteElo "2466"]
[BlackElo "2397"]
[WhiteTeam "Lutece Echecs"]
[BlackTeam "L'Echiquier Chalonnais"]
[WhiteFideId "627143"]
[BlackFideId "628050"]
[EventDate "2011.05.26"]

1. g3 c5 2. Bg2 Nf6 3. d3 g6 4. c4 Bg7 5. Nc3 Nc6 6. a3 O-O 7. Rb1 e6 8. Nf3 d5
9. O-O b6 10. b4 cxb4 11. axb4 Bb7 12. c5 d4 13. Nb5 Nd5 14. Nd6 Nc3 15. Nxb7
Qc7 16. Qc2 Nxb1 17. Qxb1 Qxb7 18. b5 Ne7 19. Nxd4 Nd5 20. c6 Qc7 21. Bb2 Rfd8
22. e3 e5 23. Nc2 a6 24. bxa6 Bf8 25. Qa2 Qxc6 26. Bxe5 Ra7 27. Nd4 Qc5 28. Qc4
Nb4 29. Bf6 Qxc4 30. dxc4 Re8 31. Nb5 Rxa6 32. Nc7 Rb8 33. Nxa6 Nxa6 34. Ra1 Nc5
35. Ra7 b5 36. Bd5 Ne6 37. Be5 Rd8 38. Bc7 Nxc7 39. Rxc7 bxc4 40. Bxf7+ Kh8 41.
Bxc4 Rd2 42. h4 Rc2 43. g4 h6 44. Rf7 Bg7 45. Bd3 Rc6 46. Rd7 Kg8 47. f4 Bf8 48.
Be4 Ra6 49. Kf2 Bc5 50. Rc7 Bb4 51. Rc4 Bd2 52. Ke2 Ba5 53. Ra4 Kg7 54. Kf3 Ra7
55. Bd3 g5 56. hxg5 hxg5 57. fxg5 Rf7+ 58. Bf5 Bd8 59. Ra6 Rb7 60. Rd6 Be7 61.
Rh6 Kf8 62. Rh8+ Kg7 63. Rh7+ Kf8 64. g6 Rb6 65. Rf7+ Ke8 66. g5 Ra6 67. Bd3 Ra5
68. Bc4 Rxg5 69. g7 1-0

[Event "TCh-FRA Top 12 2011"]
[Site "Mulhouse FRA"]
[Date "2011.05.26"]
[Round "1.7"]
[White "Demuth, Adrien"]
[Black "Pira, Davoud"]
[Result "1-0"]
[WhiteTitle "IM"]
[BlackTitle "IM"]
[WhiteElo "2414"]
[BlackElo "2403"]
[WhiteTeam "L'Echiquier Chalonnais"]
[BlackTeam "Lutece Echecs"]
[WhiteFideId "642274"]
[BlackFideId "600407"]
[EventDate "2011.05.26"]

1. d4 Nf6 2. c4 c5 3. d5 g6 4. Nc3 Bg7 5. e4 d6 6. Bd3 O-O 7. h3 a6 8. a4 b6 9.
Nf3 Ra7 10. O-O e6 11. Bf4 e5 12. Bg5 h6 13. Be3 a5 14. Qd2 Kh7 15. Kh2 Re7 16.
Ng1 Nh5 17. Nge2 f5 18. exf5 Bxf5 19. Ng3 Nxg3 20. fxg3 Bxd3 21. Qxd3 e4 22.
Nxe4 Nd7 23. Bf4 Ne5 24. Bxe5 Rxe5 25. Rxf8 Qxf8 26. Rf1 Qe7 27. Rf4 Kg8 28. Nf2
g5 29. Rf3 Re1 30. Qg6 Re5 31. Ng4 Kh8 32. Rf7 1-0

[Event "TCh-FRA Top 12 2011"]
[Site "Mulhouse FRA"]
[Date "2011.05.26"]
[Round "1.8"]
[White "Babault, Patrice"]
[Black "Muller, Anne"]
[Result "1-0"]
[WhiteTitle "FM"]
[BlackTitle "WIM"]
[WhiteElo "2400"]
[BlackElo "2152"]
[WhiteTeam "Lutece Echecs"]
[BlackTeam "L'Echiquier Chalonnais"]
[WhiteFideId "623822"]
[BlackFideId "604674"]
[EventDate "2011.05.26"]

1. e4 c5 2. Nf3 d6 3. d4 cxd4 4. Nxd4 Nf6 5. Nc3 e6 6. Be3 Be7 7. Be2 Nc6 8. O-O
a6 9. f4 Qc7 10. Qe1 O-O 11. Qg3 Kh8 12. Rae1 Bd7 13. Kh1 b5 14. a3 Rac8 15. Bd3
e5 16. Nf5 Bxf5 17. exf5 Rfe8 18. Qh3 b4 19. Ne4 Nxe4 20. Bxe4 Bf6 21. g4 exf4
22. Bxf4 Bxb2 23. axb4 Nxb4 24. f6 Rxe4 25. Rxe4 Nd5 26. fxg7+ Bxg7 27. Qf3 Nxf4
28. Rxf4 Qxc2 29. Rxf7 Qb2 30. Ra7 a5 31. Ra8 Qc2 32. Qb7 1-0

[Event "TCh-FRA Top 12 2011"]
[Site "Mulhouse FRA"]
[Date "2011.05.26"]
[Round "1.3"]
[White "Fedorchuk, Sergey A."]
[Black "Meier, Georg"]
[Result "1/2-1/2"]
[WhiteTitle "GM"]
[BlackTitle "GM"]
[WhiteElo "2654"]
[BlackElo "2650"]
[WhiteTeam "Evry Grand Roque"]
[BlackTeam "Vandoeuvre-Echecs"]
[WhiteFideId "14102536"]
[BlackFideId "4675789"]
[EventDate "2011.05.26"]

1. e4 e6 2. d4 d5 3. Nd2 c5 4. Ngf3 cxd4 5. Nxd4 Nf6 6. Bb5+ Bd7 7. Bxd7+ Nbxd7
8. exd5 Nxd5 9. O-O Be7 10. c4 N5f6 11. N2f3 O-O 12. b3 a6 13. Bb2 Qc7 14. Qe2
Bd6 15. Rfd1 Rfe8 16. Nc2 Rac8 17. Ne3 Red8 18. Rac1 Bc5 19. Rd3 Ne4 20. Rcd1
Ndf6 21. Ne5 Rxd3 22. Nxd3 Bd6 23. h3 h5 24. Nf1 Rd8 25. Qf3 Ng5 26. Qe2 Nge4
27. Qf3 Ng5 28. Qe2 1/2-1/2

[Event "TCh-FRA Top 12 2011"]
[Site "Mulhouse FRA"]
[Date "2011.05.26"]
[Round "1.7"]
[White "Relange, Eloi"]
[Black "Paci, Cedric"]
[Result "1/2-1/2"]
[WhiteTitle "GM"]
[BlackTitle "FM"]
[WhiteElo "2466"]
[BlackElo "2389"]
[WhiteTeam "Evry Grand Roque"]
[BlackTeam "Vandoeuvre-Echecs"]
[WhiteFideId "600822"]
[BlackFideId "614203"]
[EventDate "2011.05.26"]

1. d4 e6 2. c4 f5 3. g3 Nf6 4. Bg2 Be7 5. Nf3 O-O 6. O-O d6 7. b3 Ne4 8. Bb2 Bf6
9. Nfd2 Nxd2 10. Nxd2 Nc6 11. e3 e5 12. d5 Ne7 13. Qc2 Qe8 14. f4 e4 15. Bxf6
Rxf6 16. g4 c6 17. dxc6 1/2-1/2

[Event "TCh-FRA Top 12 2011"]
[Site "Mulhouse FRA"]
[Date "2011.05.26"]
[Round "1.1"]
[White "Riazantsev, Alexander"]
[Black "Vaisser, Anatoly"]
[Result "1-0"]
[WhiteTitle "GM"]
[BlackTitle "GM"]
[WhiteElo "2679"]
[BlackElo "2533"]
[WhiteTeam "Club d'Echecs Metz Fischer"]
[BlackTeam "C.E. Strasbourg"]
[WhiteFideId "4125029"]
[BlackFideId "603252"]
[EventDate "2011.05.26"]

1. Nf3 Nf6 2. d4 c5 3. d5 b5 4. Bg5 Qb6 5. Bxf6 Qxf6 6. c3 Qb6 7. e4 g6 8. a4
bxa4 9. Na3 Qxb2 10. Nb5 Bg7 11. e5 a6 12. Rb1 Qxb5 13. Bxb5 axb5 14. Rxb5 d6
15. O-O O-O 16. Rxb8 Rxb8 17. Qxa4 Bf5 18. g4 Bd3 19. Re1 f5 20. Ng5 Bxe5 21.
Rxe5 dxe5 22. Qd7 h6 23. Qe6+ Kh8 24. Qxe5+ Kg8 25. Qe6+ Kh8 26. Nf7+ Kg7 27.
Ne5 Rb1+ 28. Kg2 Be4+ 29. f3 Rb2+ 30. Kg3 f4+ 31. Kh3 Rb7 32. fxe4 Rf6 33. Qc8
Ra7 34. Qxc5 Rb7 1-0

[Event "TCh-FRA Top 12 2011"]
[Site "Mulhouse FRA"]
[Date "2011.05.26"]
[Round "1.2"]
[White "Rozentalis, Eduardas"]
[Black "Iordachescu, Viorel"]
[Result "0-1"]
[WhiteTitle "GM"]
[BlackTitle "GM"]
[WhiteElo "2573"]
[BlackElo "2640"]
[WhiteTeam "C.E. Strasbourg"]
[BlackTeam "Club d'Echecs Metz Fischer"]
[WhiteFideId "12800023"]
[BlackFideId "13900200"]
[EventDate "2011.05.26"]

1. e4 c6 2. Nc3 d5 3. Nf3 Bg4 4. h3 Bxf3 5. Qxf3 Nf6 6. d3 e6 7. Bd2 Bb4 8. a3
Ba5 9. b4 Bb6 10. g3 a5 11. b5 d4 12. Na4 cxb5 13. Nxb6 Qxb6 14. e5 Nfd7 15. Qg4
g6 16. Bg2 Nc6 17. O-O Rc8 18. Bh6 Ne7 19. Qe4 Nf5 20. Bf4 O-O 21. Qxb7 Qxb7 22.
Bxb7 Rxc2 23. Rfc1 Rc3 24. Rcb1 Rc5 25. Rc1 Ne7 26. Bg5 Rxc1+ 27. Rxc1 Nd5 28.
Bd2 Nc3 29. Bxc3 dxc3 30. Bc6 Nxe5 31. Bxb5 Nf3+ 32. Kf1 Nd4 33. Bc4 c2 34. Ke1
Rb8 35. Kd2 Kg7 36. Ke3 e5 37. f4 Rb1 38. Kd2 exf4 39. gxf4 Kf6 0-1

[Event "TCh-FRA Top 12 2011"]
[Site "Mulhouse FRA"]
[Date "2011.05.26"]
[Round "1.5"]
[White "Koch, Jean-Rene"]
[Black "Roos, Louis"]
[Result "1/2-1/2"]
[WhiteTitle "IM"]
[BlackTitle "IM"]
[WhiteElo "2476"]
[BlackElo "2359"]
[WhiteTeam "Club d'Echecs Metz Fischer"]
[BlackTeam "C.E. Strasbourg"]
[WhiteFideId "600148"]
[BlackFideId "600288"]
[EventDate "2011.05.26"]

1. c4 Nf6 2. g3 e5 3. Bg2 Nc6 4. Nc3 Bc5 5. e3 d6 6. Nge2 O-O 7. d3 a6 8. a3 Re8
9. b4 Ba7 10. Bb2 Ne7 11. O-O c6 12. d4 Be6 13. d5 cxd5 14. cxd5 Bd7 15. Qb3 Rc8
16. a4 h5 17. Rfc1 h4 18. Ne4 Nxe4 19. Bxe4 Bg4 20. Rxc8 Qxc8 21. Qd3 f5 22. Bg2
h3 23. Bf1 Qd7 24. b5 axb5 25. axb5 Bc5 26. Nc3 e4 27. Qd2 f4 28. Nxe4 fxe3 29.
fxe3 Bb6 30. Nf2 Ng6 31. Bd4 Ne5 32. Be2 Bxd4 33. exd4 Nf3+ 34. Bxf3 Bxf3 35.
Qg5 Qxb5 36. Qf5 Qxd5 37. Qxd5+ Bxd5 38. Nxh3 b5 39. Nf4 Bc4 40. d5 b4 41. Rc1
Re4 42. Kf2 Ba2 43. Rc8+ Kf7 44. Rb8 b3 45. Nd3 Rc4 46. Ke3 Rc3 47. Kd4 Rc2 48.
Rb7+ Kg8 49. Nb4 Rxh2 50. Nxa2 bxa2 51. Ra7 Kh7 52. Ra6 g6 53. Ke4 Kh6 54. Kf4
Kh5 55. Ra8 Rf2+ 56. Ke3 Rf5 57. Rxa2 Kg4 58. Ke4 Kxg3 59. Ra8 Rf6 60. Ke3 Kg4
61. Re8 Kg5 62. Ke4 Rf4+ 1/2-1/2

[Event "TCh-FRA Top 12 2011"]
[Site "Mulhouse FRA"]
[Date "2011.05.26"]
[Round "1.7"]
[White "Neiman, Emmanuel"]
[Black "Roos, Jean-Luc"]
[Result "1/2-1/2"]
[WhiteTitle "FM"]
[BlackTitle "IM"]
[WhiteElo "2345"]
[BlackElo "2235"]
[WhiteTeam "Club d'Echecs Metz Fischer"]
[BlackTeam "C.E. Strasbourg"]
[WhiteFideId "601616"]
[BlackFideId "600601"]
[EventDate "2011.05.26"]

1. c4 e5 2. g3 Nf6 3. Bg2 d5 4. cxd5 Nxd5 5. Nc3 Nb6 6. Nf3 Nc6 7. O-O Be7 8. a3
O-O 9. b4 Be6 10. Rb1 f6 11. d3 a5 12. b5 Nd4 13. Nd2 c6 14. bxc6 bxc6 15. e3
Nf5 16. Na4 Nd5 17. Ne4 Nd6 18. Qc2 Bf7 19. Nd2 Qe8 20. Nc4 Ra7 21. e4 Nc7 22.
Be3 Nxc4 23. dxc4 Ra8 24. Rb7 Qc8 25. Rfb1 Bxa3 26. R7b3 Bb4 27. Nb6 Qa6 28.
Nxa8 Rxa8 29. Rxb4 axb4 30. Rxb4 Qa3 31. Rb3 Qa5 32. Qb1 Ne8 33. Bf1 h6 34. Rb6
Qc3 35. Qd3 Qxd3 36. Bxd3 Rd8 37. Be2 Nd6 38. Rxc6 Nxe4 39. c5 f5 40. f3 Nc3 41.
Ba6 Nd5 42. Bd2 Kf8 43. Ba5 Ra8 44. Rc8+ Rxc8 45. Bxc8 Ne7 46. Ba6 Bd5 47. Kf2
Kf7 48. Bc7 Ke6 49. h4 g6 50. Bd6 Bc6 51. Ke2 Nd5 52. Bf8 h5 53. Kf2 f4 54. Bc4
fxg3+ 55. Kxg3 Kf6 56. Bh6 Ke6 57. Bg7 Kf5 58. Bd3+ Ke6 59. Bxg6 Ne7 60. Bc2
Nf5+ 61. Bxf5+ 1/2-1/2

[Event "TCh-FRA Top 12 2011"]
[Site "Mulhouse FRA"]
[Date "2011.05.26"]
[Round "1.8"]
[White "Nicoara, Malina"]
[Black "Collas, Silvia"]
[Result "0-1"]
[WhiteTitle "WIM"]
[BlackTitle "IM"]
[WhiteElo "2104"]
[BlackElo "2315"]
[WhiteTeam "C.E. Strasbourg"]
[BlackTeam "Club d'Echecs Metz Fischer"]
[WhiteFideId "604631"]
[BlackFideId "2902265"]
[EventDate "2011.05.26"]

1. d4 Nf6 2. c4 e6 3. Nc3 Bb4 4. Qc2 c5 5. dxc5 O-O 6. a3 Bxc5 7. Nf3 Qb6 8. e3
Be7 9. Bd3 d6 10. O-O a6 11. b4 Qc7 12. Bb2 Nbd7 13. h3 h6 14. Rac1 b6 15. Rfd1
Bb7 16. e4 Rac8 17. Re1 Qb8 18. Qb1 Rfe8 19. Bf1 Bf8 20. Qd3 Red8 21. Nd2 a5 22.
Qg3 g6 23. Nb5 axb4 24. axb4 d5 25. e5 Bxb4 26. Qe3 Ne8 27. Qxh6 Bf8 28. Qg5 Nc5
29. h4 Bg7 30. h5 gxh5 31. Qxh5 Ba6 32. Re3 Bxb5 33. cxb5 d4 34. Rg3 Rd5 35. f4
d3 36. Qg4 Kf8 37. Ba3 Qa7 38. Ra1 Qd7 39. Ne4 d2 40. Nf6 Bxf6 41. exf6 Nxf6 42.
Qg7+ Ke7 43. Bb2 Nce4 44. Rg5 d1=Q 0-1

[Event "TCh-FRA Top 12 2011"]
[Site "Mulhouse FRA"]
[Date "2011.05.26"]
[Round "1.5"]
[White "Wirig, Anthony"]
[Black "Dubessay, Bastien"]
[Result "1-0"]
[WhiteTitle "IM"]
[BlackTitle "FM"]
[WhiteElo "2514"]
[BlackElo "2325"]
[WhiteTeam "Mulhouse Philidor"]
[BlackTeam "C.E. de Rueil Malmaison"]
[WhiteFideId "615013"]
[BlackFideId "650048"]
[EventDate "2011.05.26"]

1. Nf3 Nf6 2. c4 g6 3. g3 Bg7 4. Nc3 d5 5. cxd5 Nxd5 6. Bg2 Nb6 7. d3 O-O 8. Be3
c6 9. Qd2 N8d7 10. Bh6 Nf6 11. O-O Nbd5 12. Rfc1 Nxc3 13. bxc3 Qa5 14. Bxg7 Kxg7
15. Rab1 Rb8 16. Rb2 Bd7 17. Qe3 Rfe8 18. Ne5 Be6 19. c4 Kg8 20. Rcb1 Nd7 21.
Nf3 Nc5 22. Nd4 Na4 23. Nxc6 Qc7 24. Nxb8 Nxb2 25. Rxb2 Qa5 26. h4 Rxb8 27. Qf4
Rd8 28. Bxb7 Qc3 29. Qd2 Bxc4 30. Rc2 Bd5 31. Bxd5 Rxd5 1-0

[Event "TCh-FRA Top 12 2011"]
[Site "Mulhouse FRA"]
[Date "2011.05.26"]
[Round "1.6"]
[White "Lestrelin, Guillaume"]
[Black "Bricard, Emmanuel"]
[Result "0-1"]
[BlackTitle "GM"]
[WhiteElo "2132"]
[BlackElo "2492"]
[WhiteTeam "C.E. de Rueil Malmaison"]
[BlackTeam "Mulhouse Philidor"]
[WhiteFideId "614130"]
[BlackFideId "600245"]
[EventDate "2011.05.26"]

1. d4 e6 2. c4 f5 3. g3 Nf6 4. Bg2 Be7 5. Nf3 d5 6. O-O O-O 7. Bf4 c6 8. Ne5
Nbd7 9. Nd2 Nxe5 10. Bxe5 Nd7 11. Qc2 Nxe5 12. dxe5 Bd7 13. Rad1 Rc8 14. a3 a5
15. c5 b6 16. b4 Rb8 17. Nc4 dxc4 18. Bxc6 Bxc6 19. Rxd8 Rfxd8 20. cxb6 axb4 21.
Qxc4 Bd5 22. Qc7 Rb7 0-1

[Event "TCh-FRA Top 12 2011"]
[Site "Mulhouse FRA"]
[Date "2011.05.26"]
[Round "1.7"]
[White "Riff, Jean-Noel"]
[Black "Manoeuvre, Antoine"]
[Result "1-0"]
[WhiteTitle "IM"]
[WhiteElo "2502"]
[BlackElo "2215"]
[WhiteTeam "Mulhouse Philidor"]
[BlackTeam "C.E. de Rueil Malmaison"]
[WhiteFideId "611190"]
[BlackFideId "655422"]
[EventDate "2011.05.26"]

1. e4 e6 2. d4 d5 3. Nc3 Nf6 4. e5 Nfd7 5. f4 c5 6. Nf3 Nc6 7. Be3 Rb8 8. Be2
Qa5 9. O-O b5 10. a3 b4 11. axb4 Qxb4 12. Na4 c4 13. Nd2 Be7 14. b3 cxb3 15.
Nxb3 O-O 16. Bd3 Qb7 17. f5 exf5 18. Bxf5 Nb6 19. Nac5 Bxc5 20. Nxc5 Qe7 21.
Bxh7+ Kxh7 22. Qh5+ Kg8 23. Bg5 f6 24. exf6 gxf6 25. Bxf6 Rxf6 26. Qg5+ Kf7 27.
Rxf6+ Qxf6 28. Rf1 Qxf1+ 29. Kxf1 Bb7 30. Qf5+ Ke7 31. Qh7+ 1-0

[Event "TCh-FRA Top 12 2011"]
[Site "Mulhouse FRA"]
[Date "2011.05.26"]
[Round "1.8"]
[White "Wilson, Alexandra"]
[Black "Richard, Emma"]
[Result "1-0"]
[WhiteTitle "WFM"]
[WhiteElo "2021"]
[BlackElo "2073"]
[WhiteTeam "C.E. de Rueil Malmaison"]
[BlackTeam "Mulhouse Philidor"]
[WhiteFideId "411000"]
[BlackFideId "657590"]
[EventDate "2011.05.26"]

1. e4 c5 2. Nc3 Nc6 3. f4 e6 4. Nf3 a6 5. Be2 d5 6. d3 Be7 7. O-O Nf6 8. Qe1 b5
9. e5 Nd7 10. Qg3 g6 11. f5 Nb6 12. fxg6 hxg6 13. Ng5 Bxg5 14. Bxg5 Qc7 15. Bf6
Rh7 16. Bg4 Nd4 17. Rf2 b4 18. Ne2 Nxe2+ 19. Rxe2 Nd7 20. Bg5 Nb6 21. Rf1 Bb7
22. Ref2 Nd7 23. Re2 Nf8 24. Qf4 Bc6 25. h4 a5 26. Qe3 d4 27. Qf4 Bd5 28. b3 a4
29. Bf3 Qc6 30. Qf6 Qb7 31. Bxd5 exd5 32. e6 Nxe6 33. Rxe6+ fxe6 34. Qxe6+ Re7
35. Bxe7 Qxe7 36. Qc6+ 1-0

[Event "TCh-FRA Top 12 2011"]
[Site "Mulhouse FRA"]
[Date "2011.05.26"]
[Round "1.3"]
[White "Clery, Nicolas"]
[Black "Miton, Kamil"]
[Result "0-1"]
[WhiteTitle "IM"]
[BlackTitle "GM"]
[WhiteElo "2396"]
[BlackElo "2619"]
[WhiteTeam "A.J.E. Noyon"]
[BlackTeam "Marseille Echecs"]
[WhiteFideId "614904"]
[BlackFideId "1111914"]
[EventDate "2011.05.26"]

1. d4 Nf6 2. c4 e6 3. Nf3 d5 4. g3 Bb4+ 5. Bd2 Be7 6. Bg2 O-O 7. O-O c6 8. Qc2
Nbd7 9. Bf4 b6 10. Nc3 Bb7 11. Rad1 Rc8 12. Rfe1 dxc4 13. Nd2 Nd5 14. Nxc4 Nxf4
15. gxf4 Qc7 16. e3 a6 17. a3 b5 18. Ne5 Nxe5 19. fxe5 c5 20. d5 exd5 21. Bxd5
Rcd8 22. e4 Bc8 23. f4 c4 24. Kh1 Bg4 25. Qg2 Bxd1 26. Rxd1 Bc5 27. Qg4 Kh8 28.
Rd2 g6 29. h4 Qe7 30. Rg2 f6 31. Be6 f5 32. exf5 gxf5 33. Qg3 Bf2 34. Qg5 Qxg5
35. hxg5 Bc5 36. Nd5 Rfe8 37. Bf7 Rf8 38. Be6 Kg7 39. Nf6 Rd1+ 40. Kh2 Be3 41.
Kg3 Rd4 42. Kf3 Bc1 43. Rh2 Rd3+ 0-1

[Event "TCh-FRA Top 12 2011"]
[Site "Mulhouse FRA"]
[Date "2011.05.26"]
[Round "1.5"]
[White "Aguettaz, Maxime"]
[Black "Gozzoli, Yannick"]
[Result "1/2-1/2"]
[WhiteTitle "IM"]
[BlackTitle "IM"]
[WhiteElo "2417"]
[BlackElo "2530"]
[WhiteTeam "A.J.E. Noyon"]
[BlackTeam "Marseille Echecs"]
[WhiteFideId "617636"]
[BlackFideId "616915"]
[EventDate "2011.05.26"]

1. Nf3 d5 2. d4 Nf6 3. c4 e6 4. Nc3 c6 5. Bg5 h6 6. Bxf6 Qxf6 7. Qb3 Nd7 8. e4
dxe4 9. Nxe4 Qf4 10. Bd3 e5 11. O-O exd4 12. Nxd4 Nc5 13. Nxc5 Bxc5 14. Rfe1+
Kd8 15. Re4 Qf6 16. Qc3 Re8 17. Rd1 Rxe4 18. Bxe4 Ke7 19. b4 Bxd4 20. Rxd4 Be6
21. Qd2 g5 22. g3 Qe5 23. Bf3 a5 24. h4 gxh4 25. Rxh4 Rd8 26. Qxh6 Rd3 27. Re4
Qf6 28. Qxf6+ Kxf6 29. Rf4+ Ke5 30. bxa5 Ra3 31. c5 Rxa5 32. Re4+ Kf6 33. Rb4
Bc8 34. Rf4+ Ke7 35. Re4+ Kd8 36. Bh5 Be6 37. Rf4 Ke8 38. Re4 Kf8 39. Rb4 Rxc5
40. Bf3 Rc1+ 41. Kg2 b5 42. a4 Bc4 43. axb5 cxb5 44. Rb2 Ke7 45. Be2 Bxe2 46.
Rxe2+ Kd6 47. Rd2+ Kc6 48. Rd8 Re1 49. f4 Re7 50. Kf3 b4 51. Rd1 b3 52. Rb1 Rb7
53. Ke4 Kd6 54. Kf5 Ke7 55. Rb2 Rb5+ 56. Ke4 Ke6 57. g4 Rb8 58. Kd4 Rb4+ 59. Kc3
Rxf4 60. Kxb3 Rxg4 61. Kc3 Re4 62. Kd3 Re1 63. Rf2 Re5 64. Rf3 f6 65. Rf2 Kf7
66. Rg2 Re1 67. Kd2 Re8 68. Kd3 Re5 69. Rg3 Ke6 70. Rf3 Re1 71. Kd2 Re4 72. Kd3 1/2-1/2

[Event "TCh-FRA Top 12 2011"]
[Site "Mulhouse FRA"]
[Date "2011.05.26"]
[Round "1.7"]
[White "Van Heirzeele, Daniel"]
[Black "Collas, Didier"]
[Result "0-1"]
[BlackTitle "IM"]
[WhiteElo "2143"]
[BlackElo "2381"]
[WhiteTeam "A.J.E. Noyon"]
[BlackTeam "Marseille Echecs"]
[WhiteFideId "200425"]
[BlackFideId "602680"]
[EventDate "2011.05.26"]

1. d4 d5 2. c4 c6 3. Nf3 Nf6 4. Nc3 e6 5. g3 dxc4 6. a4 Nbd7 7. Bg2 a5 8. O-O
Bb4 9. Qc2 O-O 10. Rd1 Qe7 11. Na2 Bd6 12. Qxc4 e5 13. Bg5 h6 14. Bxf6 Nxf6 15.
dxe5 Bxe5 16. Nxe5 Qxe5 17. Nc3 Qh5 18. Rd4 Be6 19. Qd3 Qc5 20. h3 Rfe8 21. Rc1
Bb3 22. e4 Qb6 23. Re1 Rad8 24. Rxd8 Rxd8 25. Qe2 Nd7 26. Qe3 Qxe3 27. Rxe3 Nc5
28. e5 Bxa4 29. Nxa4 Nxa4 30. Ra3 Rd4 31. b3 Nc5 32. Rxa5 Nxb3 33. Ra8+ Kh7 34.
Rc8 Nc5 35. h4 g5 36. h5 Kg7 37. Bh3 g4 38. Bg2 Rd1+ 39. Bf1 Re1 40. Re8 Ne6 0-1

[Event "TCh-FRA Top 12 2011"]
[Site "Mulhouse FRA"]
[Date "2011.05.26"]
[Round "1.3"]
[White "Terrieux, Kevin"]
[Black "Tregubov, Pavel V."]
[Result "1/2-1/2"]
[WhiteTitle "IM"]
[BlackTitle "GM"]
[WhiteElo "2434"]
[BlackElo "2607"]
[WhiteTeam "Echiquier Guingampais"]
[BlackTeam "Clichy-Echecs-92"]
[WhiteFideId "622591"]
[BlackFideId "4115341"]
[EventDate "2011.05.26"]

1. e4 c5 2. c3 d6 3. d4 Nf6 4. Bd3 g6 5. dxc5 dxc5 6. e5 c4 7. Qa4+ Nc6 8. Bxc4
Nd5 9. Qd1 Be6 10. Qe2 Bg7 11. Nf3 Bg4 12. h3 Bxf3 13. Qxf3 e6 14. O-O O-O 15.
Bb3 Nxe5 16. Qe2 Qh4 17. Na3 Rfd8 18. Rd1 Nf4 19. Bxf4 Qxf4 20. Nc4 Nc6 21. Qe3
Qc7 22. a4 h5 23. Qe4 Kh7 24. a5 a6 25. Bc2 Rab8 26. Qe2 Kg8 27. Be4 Rbc8 28.
Nb6 Rxd1+ 29. Rxd1 Rd8 30. Rxd8+ Nxd8 31. Qd3 Bf6 32. Nd7 Bg7 33. Nb6 f5 34. Bf3
Nf7 35. Qd7 Qf4 36. Qe8+ Kh7 37. Qxf7 Qc1+ 38. Kh2 Qf4+ 39. Kg1 Qc1+ 1/2-1/2

[Event "TCh-FRA Top 12 2011"]
[Site "Mulhouse FRA"]
[Date "2011.05.26"]
[Round "1.4"]
[White "Fressinet, Laurent"]
[Black "Le Goff, Damien"]
[Result "1-0"]
[WhiteTitle "GM"]
[WhiteElo "2677"]
[BlackElo "2271"]
[WhiteTeam "Clichy-Echecs-92"]
[BlackTeam "Echiquier Guingampais"]
[WhiteFideId "608742"]
[BlackFideId "634808"]
[EventDate "2011.05.26"]

1. d4 d5 2. Nf3 e6 3. c4 c6 4. Qc2 Nf6 5. g3 Be7 6. Bg2 O-O 7. O-O b6 8. Nbd2
Ba6 9. b3 Nbd7 10. e4 dxe4 11. Nxe4 Nxe4 12. Qxe4 Rc8 13. Bb2 Qc7 14. Rad1 Nf6
15. Qc2 c5 16. dxc5 Bxc5 17. Be5 Qe7 18. Ng5 g6 19. Ba1 h6 20. Ne4 Nxe4 21. Qxe4
Kh7 22. h4 h5 23. Bf3 f5 24. Qe5 Qf7 25. Rd3 Rce8 26. Rfd1 Re7 27. Rd8 Qg8 28.
R8d7 Bc8 29. Rxe7+ Bxe7 30. Qe2 Bf6 31. Bxf6 Rxf6 32. Qe5 Rf7 33. b4 1-0